000 02453cam a2200361 i 4500
001 .b25004530
003 OCoLC
005 20240307192153.0
008 190211s2020 enk b 001 0 eng d
015 _aGBB9F8651
_2bnb
020 _a9781350057418
020 _a9781350057425
020 _a9781350057449
035 _a(OCoLC)1085172395
040 _aYDX
_beng
_erda
_cYDX
_dBDX
_dUKMGB
_dOCLCO
_dOCLCF
_dOCLCQ
_dVYF
_dCHVBK
_dOCLCO
_dJHE
_dPTS
_dTWFJU
042 _anbic
245 0 0 _aMimesis and sacrifice :
_bapplying Girard's mimetic theory across the disciplines /
_cedited by Marcia Pally.
246 3 0 _aApplying Girard's mimetic theory across the disciplines.
260 _aLondon :
_bBloomsbury Academic,
_cc2020.
300 _aviii, 250 pages ;
_c24 cm.
336 _atext
_2rdacontent.
337 _aunmediated
_2rdamedia.
338 _avolume
_2rdacarrier.
490 1 _aViolence, desire, and the sacred ;
_vVol. 9.
504 _aIncludes bibliographical references and index.
505 0 _aA comparative and evolutionary perspective on sacrifice and cooperation / Peter M. Kappeler -- Sacrifice between west and east : René Girard, Simone Weil, and Mahatma Gandhi on violence and nonviolence / Wolfgang Palaver -- Patterns of sacrifice and power structure / Hassan Rachik -- Rabbinic reflections on intentional sacrifice and sanctification / Tsvi Blanchard -- Kant on sacrifice and morality / David Pan -- Sacrifice amid covenant : From abuse to gift / Marcia Pally -- Generative sacrifice : Girard, feminism, and Christ / Anna Mercedes -- Sacrifice and liberation : A reading by the Magisterium of the Catholic Church in Latin America / Francisco Canzani -- Between victim and perpetrator : Constructions of heroic masculinity and the religion of death / Ulrike Brunotte -- The ambiguity of sacrifice in a post-heroic nation : A military perspective / Rolf von Uslar -- Gift or sacrifice? History, politics, and religion / John Milbank -- Strategy, spectacle, or self-emptying? Sacrifice and the search for business ethics / Philip Roscoe -- Common good economy : Capitalism, sacrifice, and humanity / Adrian Pabst -- Suffering and sacrifice in an unfinished universe / Ilia Delio, OSF.
600 1 0 _aGirard, René,
_d1923-2015.
650 0 _aSacrifice.
650 0 _aMimesis in the Bible.
700 1 _aPally, Marcia,
_eeditor,
_eauthor of introduction.
830 0 _aViolence, desire, and the sacred ;
_vv. 9.
942 _2lcc
_cBK
999 _c52278
_d52278